1317 1412 1842 1412 1751 1140 1719 1227 1382 1039 1362 1751 1537 1205 1337 1199 1614 1509 1928 1509 1390 1819 1394 1827 1870 1645 1208 1630 1400 1085 1143 1392 1896 1213 1822 1500 1372 1320 1364 1543 1012 1466 1584 1967 1930 1722 1337 1832 1014 1055 1767 1046 1874 1906 1513 1472 1637 1748 1032 1205 1767 1035 1041 1336 1911 1892 1947 1817 1305 1058 1170 1344 1467 1027 1805 1461 1160 1676 1363 1258 1404 1952 1087 1171 1490 1210 1759 1468 1645 1726 1729 1021 1683 1092 1710 1320 1500 1464 1040 BCNSPRNW ULIB Ver.6.0+V

เปลี่ยนเป็นภาษาไทย

Change to English
 แสดงรายละเอียดบรรณานุกรม
  กลับหน้าหลัก

Brief Record : Get Marc (ISO 2709) : E-mail record : QR code < ปิดหน้าต่าง
LEADER : 00000nam 2200000uu 4500
001    13399124327
003     ULIB
008    150325s||||||||th 000 0 tha d
060  0 WT120^bก318น
110 1  กลุ่มนันทนาการชุมชน สำนักนันทนาการ กรมพลศึกษา กระทรวงการท้องเที่ยวและกีฬา
245 00 แนทางการจัดกิจกรรมนันทนาการเพื่อผุ้สูงอายุ/^cกลุ่มนันทนาการชุมชน สำนักนันทนาการ กรมพลศึกษา กระทรวงการท้องเที่ยวและกีฬา
260    กรุงเทพฯ :|bกรม,|c[25--?]
300    121 หน้า :|bภาพประกอบ ;|c27 ซม.
650  7 นันทนาการ
650  7 ผู้สูงอายุ
710 1  กรมพลศึกษา.|bสำนักนันทนาการ.|bกลุ่มนันทนาการชุมชน
945    ^p0^l0^i039312
945    ^p0^l0^i039313
945    ^p0^l0^i039314
999    ^aเกษร โพธิ์สุวรรณ
รายการนี้ยังไม่มีแท็ก
คุณยังไม่ได้ล็อกอิน คุณสามารถมีกิจกรรมร่วมกับเว็บไซต์ได้ แต่ต้องล็อกอินก่อน ::
  ล็อกอิน

รายการสื่อสารสนเทศ

ลำดับที่ ประเภท เลขเรียก/บาร์โค้ด สถานที่ สถานะ
1. วิทยาศาสตร์การแพทย์ และสุขภาพ
วิทยาศาสตร์การแพทย์ และสุขภาพ
WT120 ก318น ฉ.1 
  Barcode: 039312
ห้องสมุดวิทยาเขตนครสวรรค์
►หนังสือทั่วไป:l:General Books
บนชั้น
2. วิทยาศาสตร์การแพทย์ และสุขภาพ
วิทยาศาสตร์การแพทย์ และสุขภาพ
WT120 ก318น ฉ.2 
  Barcode: 039313
ห้องสมุดวิทยาเขตนครสวรรค์
►หนังสือทั่วไป:l:General Books
บนชั้น
3. วิทยาศาสตร์การแพทย์ และสุขภาพ
วิทยาศาสตร์การแพทย์ และสุขภาพ
WT120 ก318น ฉ.3 
  Barcode: 039314
ห้องสมุดวิทยาเขตนครสวรรค์
►หนังสือทั่วไป:l:General Books
ถูกยืม กำหนดส่งวันที่ 1 มีนาคม 2569
  จอง

รายการใกล้เคียง
    หัวเรื่อง [นันทนาการ]
    หัวเรื่อง [ผู้สูงอายุ]

BibComment


ยังไม่เคยถูกคอมเมนท์

คอมเมนท์ทรัพยากรรายการนี้
  คอมเมนท์: แนทางการจัดกิจกรร..


 Copyright 2026. Bcnsprnw @Library